Historia de la filosofía antigua /
Este manual va destinado a resaltar de la filosofía tomista aquellas ideas tomadas de corrientes filosóficas griegas, entre las que se cuentan: las socráticas, platónicas, aristotélicas o estoicas. Esto permitirá entender y enjuiciar la filosofía tomista en sí misma y a la luz de sus orígenes y entr...
Guardado en:
| Hovedforfatter: | |
|---|---|
| Format: | Bog |
| Sprog: | spansk |
| Udgivet: |
Barcelona, España :
Herder,
1976, c1969
|
| Udgivelse: | 2a edición |
| Serier: | (Curso de Filosofía Tomista ;
8) |
| Fag: | |
| Tags: |
Ingen Tags, Vær først til at tagge denne postø!
|
MARC
| LEADER | 00000nam^a2200000^a^4500 | ||
|---|---|---|---|
| 001 | 000110572 | ||
| 005 | 20250521000000.0 | ||
| 009 | 20260310093801.212 | ||
| 037 | |a Acervo ITESO - Biblioteca | ||
| 041 | |a ESP | ||
| 082 | |a 189. 4 |b GRE | ||
| 100 | |a Grenet, Paul Bernard |e (autor) | ||
| 245 | 1 | 0 | |a Historia de la filosofía antigua / |c P.B. Grenet ; tr. por María Luisa Medrano. |
| 250 | |a 2a edición | ||
| 264 | 4 | |a Barcelona, España : |b Herder, |c 1976, c1969 | |
| 300 | |a 446 p. | ||
| 336 | |a texto |b txt |2 rdacontenido | ||
| 337 | |a sin mediación |b n |2 rdamedio | ||
| 338 | |a volumen |b nc |2 rdasoporte | ||
| 440 | 1 | |a (Curso de Filosofía Tomista ; |v 8) | |
| 500 | |a Traducción de: Histoire de la philosophie ancienne | ||
| 520 | |a Este manual va destinado a resaltar de la filosofía tomista aquellas ideas tomadas de corrientes filosóficas griegas, entre las que se cuentan: las socráticas, platónicas, aristotélicas o estoicas. Esto permitirá entender y enjuiciar la filosofía tomista en sí misma y a la luz de sus orígenes y entronques en la tradición filosófica anterior. | ||
| 649 | |a XX | ||
| 650 | |a Presocráticos | ||
| 650 | |a Sofistas | ||
| 650 | |a Socráticos | ||
| 650 | |a Helenistas | ||
| 650 | |a Estoicos | ||
| 650 | |a Neoplatónicos | ||
| 650 | |a Escuela Platónica (Academia) | ||
| 650 | |a Escuela Aristotélica (Liceo) | ||
| 650 | |a Filosofía Latina | ||
| 650 | |a Filosofía Medieval | ||
| 650 | |a Escolástica | ||
| 650 | |a Filosofía del Renacimiento | ||
| 650 | |a Filosofía - |x Historia y Crítica | ||
| 650 | |a Filósofos Griegos | ||
| 910 | |a Fondo Salvador Reynoso Reynoso | ||
| 920 | |a Impresos - Libros | ||
| 930 | |a Fondos Especiales | ||
| 905 | |a 112 | ||
| 901 | |a 0800000554 |b IT2 |c ESP |u 20250521 | ||
| 902 | |a https://opac.biblio.iteso.mx/vufind/Record/000110572 | ||